| 000 | 00421nam a22001577a 4500 | ||
|---|---|---|---|
| 020 | _a9781934293065 | ||
| 082 |
_aH100 9 _bSHI/M |
||
| 100 | _aShivprasad Shukla | ||
| 245 |
_aMadhyayugeen bhakthikavya ke vaicharik sarokar/ _cby Shivprasad Shukla |
||
| 260 |
_aKanpur: _bJnan Prakahan, _cs.l. |
||
| 300 | _a288p. | ||
| 650 | _aPoetry Hindi Criticism | ||
| 650 | _aLiterature Hindi | ||
| 650 | _aLiterature | ||
| 942 | _cBK | ||
| 999 |
_c58866 _d58866 |
||